000 00598nam a2200205Ia 4500
005 20260114185854.0
008 008 260114s9999 xx 000 0 eng d
020 _a9781509976362
037 _aEBOOK
040 _aCRL
_beng
_cCRL
041 _aeng
_2eng
084 _qCRL
100 _aTamara Wilkinson
_9875463
245 0 _aVenture Capital Investment and Government Incentives
260 _bBloomsbury
_c2024
650 _aLaw
_9875464
856 _uhttps://doi.org/10.5040/9781509976362?locatt=label:secondary_bloomsburyCollections
942 _cEBOOK
999 _c1474382
_d1474382